000 00455cam a2200181 4500
001 D13794
008 090401t1912 xxu||||| |||| 00| 0 eng d
035 _a(Sirsi) u11695
041 _aeng
100 _aRyde, Walter C
245 4 _aThe law and practice of rating both within and without the metropolis
250 _a3rd
260 _aLondon
_bButterworth and Shaw
_c1912
350 _a0
520 _aShelf 134
942 _n0
948 _c04/03/1997
999 _c86894
_d86894